[Event "Tournament 14459 - Europe Echecs"]
[Site "Europe Echecs"]
[Date "2020.07.07"]
[Round "6"]
[Time "16:43:34"]
[PlyCount "36"]
[White "RachidNatalia"]
[Black "JarryEliot"]
[WhiteElo "1131"]
[BlackElo "890"]
[Mode "WEB"]
[Result "1-0"]

1. e4 e5 2. Nf3 Nc6 3. d4 exd4 4. Bc4 Bc5 5. c3 dxc3 6. Bxf7+ Kxf7 7. Qd5+ Ke8
8. Qxc5 d6 9. Qxc3 Bg4 10. Qxg7 Bxf3 11. Qxh8 Kf8 12. Qxh7 Bxg2 13. Rg1 Nf6 14.
Qh6+ Kg8 15. Rxg2+ Ng4 16. Rxg4+ Kf7 17. Qh7+ Ke8 18. Rg8# {JarryEliot est échec et mat} 1-0

[Event "Tournament 14459 - Europe Echecs"]
[Site "Europe Echecs"]
[Date "2020.07.07"]
[Round "6"]
[Time "16:43:34"]
[PlyCount "47"]
[White "NunesSoubeyran"]
[Black "BertrandCome"]
[WhiteElo "1130"]
[BlackElo "799"]
[Mode "WEB"]
[Result "0-1"]

1. e4 e5 2. Nf3 Nc6 3. Bc4 Bc5 4. c3 d6 5. d4 exd4 6. cxd4 Bb4+ 7. Nc3 Bxc3+ 8.
bxc3 Bg4 9. h3 Bxf3 10. Qxf3 Nf6 11. O-O Qe7 12. Bg5 O-O-O 13. Bxf6 gxf6 14.
Qg4+ Rd7 15. d5 Nd4 16. cxd4 Kb8 17. Rab1 Rdd8 18. Ba6 Rhg8 19. Qd1 Qxe4 20.
Rxb7+ Kc8 21. Rxa7+ Kd7 22. Qa4+ Ke7 23. Rb7 Qxg2# {NunesSoubeyran est échec et mat} 0-1

[Event "Tournament 14459 - Europe Echecs"]
[Site "Europe Echecs"]
[Date "2020.07.07"]
[Round "6"]
[Time "16:43:34"]
[PlyCount "24"]
[White "GarcinEleonore"]
[Black "LegardeurAnton"]
[WhiteElo "799"]
[BlackElo "1115"]
[Mode "WEB"]
[Result "1-0"]

1. e4 Nf6 2. Bc4 d5 3. exd5 Nxd5 4. Qf3 Be6 5. Nc3 c6 6. Nxd5 cxd5 7. Bb3 g6 8.
Nh3 Bg7 9. Ng5 d4 10. Nxe6 fxe6 11. Bxe6 Nc6 12. Qf7# {LegardeurAnton est échec et mat} 1-0

[Event "Tournament 14459 - Europe Echecs"]
[Site "Europe Echecs"]
[Date "2020.07.07"]
[Round "6"]
[Time "16:43:34"]
[PlyCount "65"]
[White "PonzeveraElsa"]
[Black "CortadellasJul"]
[WhiteElo "799"]
[BlackElo "1114"]
[Mode "WEB"]
[Result "0-1"]

1. e4 e5 2. Nf3 Nc6 3. Bc4 Be7 4. Nc3 Nf6 5. Ng5 O-O 6. d3 h6 7. Nf3 d6 8. Be3
Bg4 9. h3 Bh5 10. O-O Nd4 11. Qd2 Bxf3 12. gxf3 Nxf3+ 13. Kg2 Nxd2 14. Bxd2 Re8
15. a4 Nh5 16. Bd5 c6 17. Ba2 Nf4+ 18. Bxf4 exf4 19. Kf3 Bh4 20. Kxf4 Qg5+ 21.
Kf3 Qf6+ 22. Ke2 Kh7 23. b4 Qxc3 24. b5 d5 25. Kf3 dxe4+ 26. Ke3 exd3+ 27. Kf3
dxc2+ 28. Kg2 Re5 29. Rfc1 Re2 30. Bxf7 Rxf2+ 31. Kg1 Qxh3 32. Ra2 Qg2# {PonzeveraElsa est échec et mat} 0-1

[Event "Tournament 14459 - Europe Echecs"]
[Site "Europe Echecs"]
[Date "2020.07.07"]
[Round "6"]
[Time "16:43:34"]
[PlyCount "128"]
[White "ChennitAriles"]
[Black "PotieEmilio"]
[WhiteElo "1110"]
[BlackElo "799"]
[Mode "WEB"]
[Result "1-0"]

1. d4 d5 2. e3 Nf6 3. c4 dxc4 4. Bxc4 Ne4 5. Qe2 e6 6. f3 Nc5 7. Bb5+ c6 8. Bc4
Na4 9. Bb3 Bb4+ 10. Bd2 Bxd2+ 11. Qxd2 Nb6 12. f4 O-O 13. Nf3 f5 14. O-O a6 15.
Qf2 Qd6 16. Nc3 c5 17. Qh4 a5 18. Ng5 h6 19. Nf3 g5 20. Qxh6 gxf4 21. Ng5 Rf7
22. Nxf7 Kxf7 23. Qh5+ Kg7 24. Nb5 Qc6 25. Ba4 fxe3 26. Nc3 cxd4 27. Bxc6 Nxc6
28. Nb5 d3 29. Qg5+ Kf7 30. Nc3 e2 31. Rfe1 d2 32. Rxe2 d1=Q+ 33. Rxd1 Nb4 34.
a3 Nc4 35. axb4 axb4 36. Nb5 Nb6 37. Nd6+ Kf8 38. Qe7+ Kxe7 39. Nb5 Ra5 40. Nd4
Rd5 41. Kf2 e5 42. Red2 exd4 43. Rxd4 Rxd4 44. Rxd4 Ke6 45. Rxb4 Nd5 46. Rd4 Nf6
47. h3 f4 48. Rxf4 Nd5 49. Re4+ Kf5 50. Rc4 Ke5 51. Rxc8 b5 52. Re8+ Kd4 53. Rb8
b4 54. g4 Kc4 55. Rc8+ Kb5 56. g5 Ka5 57. g6 b3 58. g7 Ka4 59. g8=Q Nb4 60. Qe8+
Ka5 61. Rc7 Nd3+ 62. Ke2 Nxb2 63. Qb8 Na4 64. Ra7# {PotieEmilio est échec et mat} 1-0

[Event "Tournament 14459 - Europe Echecs"]
[Site "Europe Echecs"]
[Date "2020.07.07"]
[Round "6"]
[Time "16:43:34"]
[PlyCount "28"]
[White "RobertAlexandr"]
[Black "RollotPriscill"]
[WhiteElo "799"]
[BlackElo "1094"]
[Mode "WEB"]
[Result "1-0"]

1. e4 e5 2. Nf3 Nc6 3. d4 exd4 4. Nxd4 Nf6 5. e5 Qe7 6. Nxc6 dxc6 7. Qe2 Bg4 8.
f3 Bf5 9. exf6 gxf6 10. Qxe7+ Bxe7 11. g4 Bxc2 12. Na3 O-O-O 13. Nxc2 Rhe8 14.
Be2 {RollotPriscill a abandonné} 1-0

[Event "Tournament 14459 - Europe Echecs"]
[Site "Europe Echecs"]
[Date "2020.07.07"]
[Round "6"]
[Time "16:43:34"]
[PlyCount "122"]
[White "DemirciNoe"]
[Black "SemetroudenkoA"]
[WhiteElo "1240"]
[BlackElo "799"]
[Mode "WEB"]
[Result "1-0"]

1. Nf3 Nf6 2. g3 Nc6 3. Bg2 e5 4. d3 Bc5 5. a3 O-O 6. O-O d6 7. b4 Bd4 8. c3 Bb6
9. Bg5 h6 10. Bxf6 Qxf6 11. Nbd2 Bg4 12. e3 Rad8 13. d4 exd4 14. cxd4 Rfe8 15.
h3 Bxf3 16. Qxf3 Qxf3 17. Bxf3 a6 18. Rab1 Ne7 19. a4 c6 20. a5 Bc7 21. Nc4 d5
22. Ne5 Ng6 23. Nxg6 fxg6 24. Rfe1 Bd6 25. e4 dxe4 26. Rxe4 Rxe4 27. Bxe4 g5 28.
d5 cxd5 29. Bxd5+ Kh7 30. Be4+ Kg8 31. Rd1 Bc7 32. Rxd8+ Bxd8 33. Bxb7 Be7 34.
Bxa6 Bxb4 35. Bc4+ Kh7 36. a6 Bc5 37. Kf1 Kg6 38. Ke2 Kf6 39. Kf3 Ke7 40. g4 Kd7
41. Ke2 Kc6 42. f3 Kb6 43. Kd3 Ka7 44. Ke4 Bd6 45. Kd5 Bc7 46. Kc6 Bb6 47. Kd7
Bd4 48. Ke7 Kb8 49. Kf7 Ka7 50. Kg6 Kb6 51. Kf5 Ka7 52. f4 gxf4 53. Kxf4 g5+ 54.
Kg3 Be5+ 55. Kf3 Kb6 56. Ke4 Bb8 57. Kf5 Kc5 58. Bf1 Kd4 59. Kg6 Kd5 60. Kxh6
Bf4 61. a7 {SemetroudenkoA a abandonné} 1-0

[Event "Tournament 14459 - Europe Echecs"]
[Site "Europe Echecs"]
[Date "2020.07.07"]
[Round "6"]
[Time "16:43:34"]
[PlyCount "109"]
[White "AngeleAndreas"]
[Black "RobbeLeni"]
[WhiteElo "799"]
[BlackElo "1160"]
[Mode "WEB"]
[Result "0-1"]

1. e4 e5 2. Nf3 Nc6 3. Bc4 Bc5 4. d3 Nf6 5. Bg5 Be7 6. Bxf6 Bxf6 7. h3 d6 8. O-O
O-O 9. Nc3 Re8 10. Nd5 Be6 11. Nxf6+ Qxf6 12. Bxe6 Qxe6 13. c3 Na5 14. b4 Nc6
15. Qb3 Qxb3 16. axb3 Red8 17. b5 Ne7 18. d4 exd4 19. cxd4 d5 20. exd5 Rxd5 21.
Rfd1 Rxb5 22. Rab1 Rd8 23. Rbc1 c6 24. d5 Rdxd5 25. Rxd5 Nxd5 26. Nd4 Rb4 27.
Re1 h6 28. Nc2 Rxb3 29. Re8+ Kh7 30. Nd4 Rd3 31. Nf5 Kg6 32. Nh4+ Kh5 33. g3 a5
34. Re5+ g5 35. Nf5 a4 36. Ne7 Nxe7 37. Rxe7 a3 38. Rxb7 a2 39. Ra7 Rd2 40. Kf1
c5 41. g4+ Kh4 42. Kg2 c4 43. Ra3 c3 44. Rxc3 a1=Q 45. Rc6 Qa8 46. Kf3 Qxc6+ 47.
Ke3 Qc3+ 48. Ke4 Rxf2 49. Kd5 Qd3+ 50. Ke5 Re2+ 51. Kf6 Qf3+ 52. Kg7 Qc3+ 53.
Kh7 Re7 54. Kxh6 Qh8# {AngeleAndreas est échec et mat} 0-1

[Event "Tournament 14459 - Europe Echecs"]
[Site "Europe Echecs"]
[Date "2020.07.07"]
[Round "6"]
[Time "16:43:34"]
[PlyCount "67"]
[White "BeddiarSouhil"]
[Black "HermantAntoine"]
[WhiteElo "1100"]
[BlackElo "980"]
[Mode "WEB"]
[Result "0-1"]

1. e4 e5 2. Nf3 Nc6 3. Bc4 Nf6 4. Nc3 Nxe4 5. Nxe4 d5 6. Bxd5 Qxd5 7. Nc3 Qd8 8.
Qe2 Bd6 9. Nxe5 Bxe5 10. Qh5 O-O 11. Ne4 h6 12. d3 Bf6 13. Nxf6+ Qxf6 14. Qc5
Be6 15. Bd2 Rac8 16. Bc3 Qf5 17. Qe3 Rfe8 18. Qg3 f6 19. Qh4 Rcd8 20. g4 Qb5 21.
Rd1 Bd5+ 22. Kf1 Bxh1 23. Kg1 Bf3 24. g5 Bxd1 25. gxf6 gxf6 26. Bxf6 Re1+ 27.
Kg2 Qd5+ 28. Kg3 Rg1+ 29. Kf4 Rf8 30. c4 Qd4+ 31. Kf5 Qxh4 32. Ke6 Re8+ 33. Kf5
Qg4# {BeddiarSouhil est échec et mat} 0-1

[Event "Tournament 14459 - Europe Echecs"]
[Site "Europe Echecs"]
[Date "2020.07.07"]
[Round "6"]
[Time "16:43:34"]
[PlyCount "74"]
[White "ErudelIrina"]
[Black "PenarrubiaTom"]
[WhiteElo "1620"]
[BlackElo "950"]
[Mode "WEB"]
[Result "1-0"]

1. e4 e5 2. Nf3 Nc6 3. Bc4 d6 4. Nc3 Nf6 5. d3 Be6 6. Bb3 Nd4 7. Nxd4 exd4 8.
Ne2 Bg4 9. f3 Bh5 10. Bf4 d5 11. exd5 Nxd5 12. Bg3 Ne3 13. Qd2 Nxg2+ 14. Kd1
Bxf3 15. Rf1 Ne3+ 16. Ke1 Nxf1 17. Kxf1 Bd6 18. Bxd6 Qxd6 19. Qg5 Qxh2 20. Nc1
Qh1+ 21. Kf2 Bc6 22. Ke2 f6 23. Qc5 O-O-O 24. Qxa7 Rhe8+ 25. Kd2 Kd7 26. Ne2
Qxa1 27. Qxd4+ Ke7 28. Qe3+ Kd7 29. Qd4+ Ke7 30. Qe4+ Kf8 31. Qxh7 Qf1 32. Qg8+
Ke7 33. Qxg7+ Kd6 34. Qg3+ Kd7 35. Qg4+ Ke7 36. Qe6+ Kf8 37. Qf7# {PenarrubiaTom est échec et mat} 1-0

[Event "Tournament 14459 - Europe Echecs"]
[Site "Europe Echecs"]
[Date "2020.07.07"]
[Round "6"]
[Time "16:43:34"]
[PlyCount "38"]
[White "WangYize"]
[Black "OgerEryn"]
[WhiteElo "920"]
[BlackElo "1460"]
[Mode "WEB"]
[Result "1-0"]

1. e4 e5 2. Nf3 Nc6 3. Bd3 Nf6 4. Nc3 Bc5 5. O-O d6 6. b3 Bg4 7. Bb2 O-O 8. h3
Bh5 9. Re1 h6 10. Nd5 Nxd5 11. exd5 Nb4 12. Bb5 Bxf3 13. Qxf3 Nxc2 14. Rec1 Nxa1
15. Rxa1 a6 16. Bd3 Re8 17. Qg3 Qd7 18. Re1 e4 19. Qxg7# {OgerEryn est échec et mat} 1-0

[Event "Tournament 14459 - Europe Echecs"]
[Site "Europe Echecs"]
[Date "2020.07.07"]
[Round "6"]
[Time "16:43:34"]
[PlyCount "62"]
[White "BernardLudovic"]
[Black "SchluppEmma"]
[WhiteElo "799"]
[BlackElo "1094"]
[Mode "WEB"]
[Result "1-0"]

1. e4 e5 2. Nf3 Nc6 3. Bc4 Bc5 4. O-O Nf6 5. Nc3 d6 6. d3 O-O 7. Ng5 h6 8. Nf3
Be6 9. d4 exd4 10. e5 dxe5 11. Bxe6 fxe6 12. Bxh6 g6 13. Bxf8 Qxf8 14. Qd3 Rd8
15. Nh4 dxc3 16. Qxg6+ Kh8 17. Qg3 Ne4 18. h3 Nxg3 19. Ng6+ Kg8 20. Nxf8 Ne2+
21. Kh2 Rxf8 22. Rfe1 Ned4 23. Re4 Nxc2 24. Rd1 N2b4 25. a3 Nd5 26. Rd3 Bxf2 27.
bxc3 Nf4 28. Rf3 Bc5 29. Rg3+ Kh8 30. Rg5 Nd5 31. Rh4# {SchluppEmma est échec et mat} 1-0

[Event "Tournament 14459 - Europe Echecs"]
[Site "Europe Echecs"]
[Date "2020.07.07"]
[Round "6"]
[Time "16:43:34"]
[PlyCount "183"]
[White "BlanchardEmile"]
[Black "GrederBaptiste"]
[WhiteElo "799"]
[BlackElo "1080"]
[Mode "WEB"]
[Result "1/2-1/2"]

1. e4 e5 2. Nf3 d6 3. Nc3 Nf6 4. Bc4 Be7 5. d3 h6 6. Be3 O-O 7. Qd2 Bg4 8. h3
Bxh3 9. gxh3 Nc6 10. O-O-O a6 11. Nd5 Nxd5 12. exd5 Na5 13. Rhg1 Qd7 14. Qxa5 b6
15. Qe1 b5 16. Bb3 Qxh3 17. Rg3 Qd7 18. d4 c6 19. dxe5 cxd5 20. exd6 Qxd6 21.
Rg2 Rfc8 22. Bxd5 Rab8 23. Bb3 Qb4 24. Qxb4 Bxb4 25. Bf4 Rb6 26. Be3 Rf6 27. Bd4
Rxf3 28. Rxg7+ Kf8 29. Re1 Be7 30. Bd5 Rd8 31. Bxf3 Rxd4 32. Rgg1 Ra4 33. Bh5
Rxa2 34. Kb1 Ra4 35. Rg4 Ra5 36. Ree4 b4 37. c3 Rxh5 38. cxb4 Rh1+ 39. Ka2 Rc1
40. Rc4 Rxc4 41. Rxc4 h5 42. Rc1 h4 43. Rh1 Kg7 44. Ka3 Kh6 45. b3 Kh5 46. Ka4
Kg4 47. b5 h3 48. bxa6 Bc5 49. a7 Bxa7 50. b4 Bxf2 51. b5 Kg3 52. Ka5 Kg2 53. b6
Kxh1 54. b7 h2 55. b8=Q Kg1 56. Qh8 h1=Q 57. Qf8 Qh5+ 58. Ka6 f5 59. Qg8+ Kf1
60. Qf8 Qe2+ 61. Kb7 Qe4+ 62. Ka6 f4 63. Kb5 f3 64. Qh8 Be1 65. Qh1+ Ke2 66.
Qh2+ f2 67. Qh1 f1=Q 68. Qxf1+ Kxf1 69. Kc5 Qb4+ 70. Kd5 Qd2+ 71. Kc5 Bf2+ 72.
Kb5 Qc2 73. Ka5 Be1+ 74. Kb5 Qc3 75. Kb6 Qc4 76. Kb7 Qc5 77. Kb8 Bg3+ 78. Kb7
Qc4 79. Ka7 Qc7+ 80. Ka6 Qc5 81. Kb7 Qd5+ 82. Ka6 Qc6+ 83. Ka5 Qb7 84. Ka4 Qb2
85. Ka5 Qb7 86. Ka4 Qb6 87. Ka3 Bd6+ 88. Ka2 Qb4 89. Ka1 Be5+ 90. Ka2 Qc3 91.
Kb1 Qd2 {Nulle par pat} 1/2-1/2

[Event "Tournament 14459 - Europe Echecs"]
[Site "Europe Echecs"]
[Date "2020.07.07"]
[Round "6"]
[Time "16:43:34"]
[PlyCount "85"]
[White "CazacuSofia"]
[Black "BainthouverezA"]
[WhiteElo "799"]
[BlackElo "1058"]
[Mode "WEB"]
[Result "0-1"]

1. e4 e5 2. Nc3 Nc6 3. Bd3 Nf6 4. Nf3 Bc5 5. O-O d6 6. b3 Bg4 7. Nh4 Bxd1 8.
Rxd1 O-O 9. Bc4 h6 10. d3 Qe7 11. d4 Rad8 12. d5 Nd4 13. Bg5 Nxc2 14. Bf4 Nd4
15. f3 Nc2+ 16. Kf1 Nxa1 17. Rxa1 Nh5 18. b4 Nxf4 19. bxc5 dxc5 20. g3 Nh5 21.
Nb5 a6 22. Nc3 Qd6 23. Nf5 Qb6 24. Nd6 Qxd6 25. f4 Qd7 26. f5 g6 27. f6 Qh3+ 28.
Kg1 Qg4 29. Kf2 Rd6 30. h3 Qxh3 31. Kf3 Qxg3+ 32. Ke2 Nf4+ 33. Kd1 Rb6 34. a3
Qxc3 35. Rc1 Qxa3 36. Kc2 Rb2+ 37. Kd1 Ng2 38. Rc2 Ne3+ 39. Kc1 Nxc2 40. Kd1
Ne3+ 41. Ke1 Nxc4 42. Kf1 Qa1# {CazacuSofia est échec et mat} 0-1

[Event "Tournament 14459 - Europe Echecs"]
[Site "Europe Echecs"]
[Date "2020.07.07"]
[Round "6"]
[Time "16:43:34"]
[PlyCount "38"]
[White "ElRhourriYanis"]
[Black "LemoalAssiya"]
[WhiteElo "799"]
[BlackElo "1040"]
[Mode "WEB"]
[Result "1-0"]

1. e4 e5 2. Qh5 Nf6 3. Qxe5+ Be7 4. Bc4 d5 5. exd5 Qd7 6. Qf4 Qa4 7. b3 Qb5 8.
Bxb5+ Bd7 9. Bxd7+ Kxd7 10. Nf3 Bb4 11. O-O Bxd2 12. Bxd2 Nc6 13. dxc6+ Kxc6 14.
Nd4+ Kd7 15. Nc3 b5 16. Ndxb5 a5 17. Nd5 c6 18. Qd6+ Ke8 19. Qe7# {LemoalAssiya est échec et mat} 1-0

[Event "Tournament 14459 - Europe Echecs"]
[Site "Europe Echecs"]
[Date "2020.07.07"]
[Round "6"]
[Time "16:43:34"]
[PlyCount "31"]
[White "FongaroLeon"]
[Black "LoppinTya"]
[WhiteElo "799"]
[BlackElo "1021"]
[Mode "WEB"]
[Result "0-1"]

1. e4 e5 2. Nf3 Nf6 3. Nc3 Be7 4. Bb5 O-O 5. O-O d6 6. d3 Nbd7 7. Bxd7 Bxd7 8.
Bg5 d5 9. Bxf6 Bxf6 10. exd5 e4 11. Nxe4 Bc3 12. Nxc3 Qf6 13. Qe2 Qg6 14. Qe7
Bh3 15. Qxc7 Qxg2# {FongaroLeon est échec et mat} 0-1

[Event "Tournament 14459 - Europe Echecs"]
[Site "Europe Echecs"]
[Date "2020.07.07"]
[Round "6"]
[Time "16:43:34"]
[PlyCount "39"]
[White "GrenouillatFel"]
[Black "TaralloAurian"]
[WhiteElo "799"]
[BlackElo "1007"]
[Mode "WEB"]
[Result "0-1"]

1. d4 d5 2. Qd3 Nf6 3. Qe3 e6 4. h4 Nc6 5. Rh3 Bd6 6. Rg3 Bxg3 7. Qxg3 O-O 8. c3
Qe7 9. b4 e5 10. dxe5 Nxe5 11. a3 Nc4 12. Ra2 Qe4 13. e3 Qxb1 14. f3 Qxa2 15.
Kd1 Qb3+ 16. Ke1 Qxc3+ 17. Ke2 Qc2+ 18. Ke1 Qxc1+ 19. Ke2 Qd2# {GrenouillatFel est échec et mat} 0-1

[Event "Tournament 14459 - Europe Echecs"]
[Site "Europe Echecs"]
[Date "2020.07.07"]
[Round "6"]
[Time "16:43:34"]
[PlyCount "103"]
[White "BorremansPaul"]
[Black "RossoTiziano"]
[WhiteElo "980"]
[BlackElo "799"]
[Mode "WEB"]
[Result "0-1"]

1. e4 d5 2. exd5 Qxd5 3. Nc3 Qc6 4. Bb5 Qxb5 5. Nxb5 Kd8 6. Qe2 Nc6 7. Qd3+ Ke8
8. Nd4 Nb4 9. Qb5+ c6 10. Qxb4 Bf5 11. Nxf5 Nf6 12. Qxe7+ Bxe7 13. Nxe7 Kxe7 14.
Nf3 Rae8 15. O-O Ng4 16. Re1+ Kd8 17. h3 Nh6 18. Rxe8+ Rxe8 19. Ng5 Re1+ 20. Kh2
Re2 21. Nxf7+ Nxf7 22. d3 Rxf2 23. Bg5+ Nxg5 24. Kg3 Rxc2 25. Kg4 Ne6 26. a3
Rxb2 27. Rg1 Nc5 28. d4 Nd3 29. Rd1 Rxg2+ 30. Kh4 Nf2 31. Rd2 g6 32. Rxf2 Rxf2
33. Kg5 Rf3 34. Kh6 Rxh3+ 35. Kg7 Rxa3 36. Kxh7 b5 37. Kxg6 b4 38. Kf6 b3 39.
Ke6 b2 40. d5 cxd5 41. Kxd5 b1=Q 42. Kd6 Qb6+ 43. Kd5 Ra5+ 44. Kc4 Qb5+ 45. Kd4
Ra4+ 46. Kc3 Qb4+ 47. Kd3 Ra3+ 48. Kc2 Qb3+ 49. Kd2 Ra2+ 50. Kc1 Qb2+ 51. Kd1
Qa1# {BorremansPaul est échec et mat} 0-1

[Event "Tournament 14459 - Europe Echecs"]
[Site "Europe Echecs"]
[Date "2020.07.07"]
[Round "6"]
[Time "16:43:34"]
[PlyCount "72"]
[White "GadoisArnaud"]
[Black "HuJeremy"]
[WhiteElo "950"]
[BlackElo "799"]
[Mode "WEB"]
[Result "1-0"]

1. e4 e5 2. Nf3 Nf6 3. d4 Nc6 4. dxe5 Nxe5 5. Nxe5 Qe7 6. Nf3 Qd8 7. Nc3 Bc5 8.
Bc4 d6 9. O-O b6 10. Re1 Bb7 11. e5 dxe5 12. Rxe5+ Kf8 13. Qxd8+ Rxd8 14. Bg5 h6
15. Bxf6 gxf6 16. Rf5 Rd2 17. Nxd2 Rg8 18. g3 Bxf2+ 19. Kxf2 h5 20. Rxf6 Kg7 21.
Rxf7+ Kh8 22. Bd3 Rg7 23. Rxg7 Kxg7 24. Re1 c5 25. Re7+ Kf6 26. Rxb7 Ke6 27.
Rxa7 Kd6 28. Ra6 Kc6 29. Be4+ Kc7 30. Nb5+ Kd7 31. Rxb6 Kc8 32. Rb7 Kd8 33. Nc4
Kc8 34. Nbd6+ Kd8 35. Ne5 c4 36. Nef7# {HuJeremy est échec et mat} 1-0

[Event "Tournament 14459 - Europe Echecs"]
[Site "Europe Echecs"]
[Date "2020.07.07"]
[Round "6"]
[Time "16:43:34"]
[PlyCount "55"]
[White "FassiMaeliaAl"]
[Black "HoarauAntoine"]
[WhiteElo "799"]
[BlackElo "799"]
[Mode "WEB"]
[Result "0-1"]

1. e4 f5 2. d3 Nf6 3. Be2 e5 4. Nc3 Bb4 5. Nf3 Nc6 6. O-O O-O 7. Qd2 d5 8. Nh4
fxe4 9. dxe4 Bxc3 10. exd5 Nxd5 11. Qd1 Bf5 12. bxc3 Qxh4 13. Qxd5+ Kh8 14. Qxe5
Qf6 15. Qxf5 Qxf5 16. Bd3 Qc5 17. Ba3 Qxa3 18. Rae1 Rae8 19. Re2 Rxe2 20. Bxe2
Qxc3 21. h3 Nd4 22. Bf3 Ne2+ 23. Bxe2 Re8 24. Re1 Qxe1+ 25. Kh2 Qxe2 26. g3
Qxf2+ 27. Kh1 Re1# {FassiMaeliaAl est échec et mat} 0-1

[Event "Tournament 14459 - Europe Echecs"]
[Site "Europe Echecs"]
[Date "2020.07.07"]
[Round "6"]
[Time "16:43:34"]
[PlyCount "66"]
[White "BlouvacDaphne"]
[Black "BaloulYaksen"]
[WhiteElo "1130"]
[BlackElo "799"]
[Mode "WEB"]
[Result "1-0"]

1. e4 e6 2. Nf3 Nc6 3. Bc4 Nb4 4. Nc3 d5 5. Bb5+ Ke7 6. d3 dxe4 7. Bg5+ f6 8.
Bf4 e5 9. Be3 exd3 10. cxd3 Nxd3+ 11. Bxd3 Be6 12. O-O f5 13. Nxe5 Bxa2 14. Rxa2
a5 15. Bg5+ Ke6 16. Bxd8 Rxd8 17. Nc6 bxc6 18. Re1+ Kf6 19. Ne4+ Kf7 20. Qh5+ g6
21. Bc4+ Ke8 22. Qg5 Rd5 23. Bxd5 cxd5 24. Nf6+ Kd8 25. Nxg8+ Kc8 26. Rxa5 h6
27. Qf6 Rxg8 28. Ra7 Bd6 29. Qe6+ Kb8 30. Rea1 Rf8 31. Qd7 g5 32. Qc6 f4 33.
Qa8# {BaloulYaksen est échec et mat} 1-0

[Event "Tournament 14459 - Europe Echecs"]
[Site "Europe Echecs"]
[Date "2020.07.07"]
[Round "6"]
[Time "16:43:34"]
[PlyCount "54"]
[White "LottiauNathan"]
[Black "BarrauArthur"]
[WhiteElo "1033"]
[BlackElo "980"]
[Mode "WEB"]
[Result "1-0"]

1. e3 e5 2. d4 d6 3. Nf3 Nc6 4. Bc4 Bf5 5. Nc3 Nf6 6. O-O Qd7 7. b3 O-O-O 8. Ba3
exd4 9. exd4 Re8 10. Re1 Rxe1+ 11. Qxe1 d5 12. Bb5 a6 13. Bxc6 bxc6 14. Qe2 Bxa3
15. Re1 Qd8 16. Ng5 h6 17. Nxf7 Rf8 18. Nxd8 Rxd8 19. Na4 Bd7 20. Nc5 Bf5 21. h4
Bg4 22. f3 Bf5 23. g4 Bh7 24. g5 hxg5 25. hxg5 Ne8 26. Qxe8 Rxe8 27. Rxe8# {BarrauArthur est échec et mat} 1-0

[Event "Tournament 14459 - Europe Echecs"]
[Site "Europe Echecs"]
[Date "2020.07.07"]
[Round "7"]
[Time "17:22:51"]
[PlyCount "128"]
[White "SamouelianSola"]
[Black "SabapatheeFlor"]
[WhiteElo "1349"]
[BlackElo "1444"]
[Mode "WEB"]
[Result "1-0"]

1. e4 c5 2. Nf3 e6 3. d4 cxd4 4. Nxd4 Nc6 5. Nc3 Nf6 6. Be2 Bb4 7. Bf3 O-O 8.
Be3 Qa5 9. Qd2 Rd8 10. Nb3 Bxc3 11. Nxa5 Bxd2+ 12. Bxd2 Nxa5 13. Bxa5 b6 14. Bc3
Bb7 15. Bxf6 gxf6 16. O-O-O Rac8 17. c3 f5 18. exf5 Bxf3 19. gxf3 exf5 20. Rd5
Rc5 21. Rhd1 Rxd5 22. Rxd5 f4 23. Rd4 Re8 24. Kd2 Re7 25. Rxf4 Kg7 26. Re4 Re6
27. Kd3 Rd6+ 28. Rd4 Rf6 29. Ke3 d6 30. Rg4+ Kh6 31. f4 Re6+ 32. Kf3 Re1 33. f5
Rb1 34. Kf4 Rxb2 35. Rh4+ Kg7 36. Ke3 Rxa2 37. Rd4 Kf6 38. Rxd6+ Kxf5 39. Rh6
Rc2 40. Rxh7 Rxc3+ 41. Kd2 Rc7 42. Rh5+ Kg4 43. Rh8 Rd7+ 44. Ke2 Re7+ 45. Kf1
Kf3 46. Rh3+ Ke4 47. Re3+ Kf5 48. Rxe7 f6 49. Rxa7 Ke5 50. Rb7 f5 51. Rxb6 f4
52. Ke2 f3+ 53. Kxf3 Kf5 54. Rb5+ Kf6 55. Ke3 Ke6 56. Kd4 Kd6 57. Rb6+ Ke7 58.
Kd5 Kd7 59. Rb7+ Ke8 60. Kd6 Kf8 61. Ke6 Kg8 62. Kf6 Kh8 63. Kg6 Kg8 64. Rb8# {SabapatheeFlor est échec et mat} 1-0

[Event "Tournament 14459 - Europe Echecs"]
[Site "Europe Echecs"]
[Date "2020.07.07"]
[Round "7"]
[Time "17:22:51"]
[PlyCount "116"]
[White "KhouryTheo"]
[Black "NegreEmilie"]
[WhiteElo "1465"]
[BlackElo "1438"]
[Mode "WEB"]
[Result "1-0"]

1. e4 e5 2. Nf3 Nc6 3. d4 exd4 4. Nxd4 Nf6 5. Nxc6 bxc6 6. e5 Qe7 7. Qe2 Nd5 8.
c4 Ba6 9. b3 g6 10. Bb2 Bg7 11. g3 O-O 12. Bg2 Nb6 13. O-O d5 14. Nd2 Rad8 15.
Rac1 Rfe8 16. Rfe1 Nd7 17. f4 f6 18. Nf3 fxe5 19. fxe5 c5 20. Qe3 d4 21. Qe4 Kh8
22. e6 Nf8 23. Bh3 Bc8 24. Re2 Rd6 25. Rce1 Rb6 26. Kf2 Bb7 27. Qd3 Rd6 28. Bc1
Rb6 29. Bg5 Bf6 30. Bh6 Bxf3 31. Qxf3 Kg8 32. Qd5 Kh8 33. Kg2 Kg8 34. Bxf8 Rxf8
35. Qd7 Qxd7 36. exd7 Rd6 37. Re6 Rxe6 38. Rxe6 Kf7 39. Rc6 Bd8 40. Rxc5 Ke7 41.
Rd5 Rf6 42. Rxd4 Ra6 43. Rd2 c5 44. Bg4 h5 45. Bh3 g5 46. g4 h4 47. Rd5 Rg6 48.
Rxc5 Kxd7 49. Kf3 Rf6+ 50. Ke2 Re6+ 51. Kd2 Rg6 52. Bg2 Bb6 53. Rd5+ Kc7 54. h3
Rg7 55. Kd3 Rg6 56. Ke4 Rg7 57. Kf5 Rg8 58. Kf6 {NegreEmilie a abandonné} 1-0

[Event "Tournament 14459 - Europe Echecs"]
[Site "Europe Echecs"]
[Date "2020.07.07"]
[Round "7"]
[Time "17:22:51"]
[PlyCount "120"]
[White "LlariMarc"]
[Black "BreuilVirgile"]
[WhiteElo "799"]
[BlackElo "1622"]
[Mode "WEB"]
[Result "1-0"]

1. e4 e5 2. Nf3 Nc6 3. Bb5 Nge7 4. O-O g6 5. c3 Bg7 6. d4 exd4 7. cxd4 O-O 8. d5
Ne5 9. Nxe5 Bxe5 10. Nc3 d6 11. Bh6 Bg7 12. Bxg7 Kxg7 13. Qd4+ f6 14. Rac1 Bd7
15. Bxd7 Qxd7 16. Rfd1 Rad8 17. Qxa7 c6 18. Qd4 Kg8 19. dxc6 Nxc6 20. Qd5+ Kg7
21. Ne2 f5 22. Nf4 Rf6 23. e5 Nxe5 24. Qb3 Qf7 25. Qg3 Nc6 26. Nh5+ Kg8 27.
Nxf6+ Qxf6 28. Qb3+ Qf7 29. Qb6 Rd7 30. b4 Qe7 31. b5 Ne5 32. f4 Ng4 33. a4 d5
34. Re1 Qf7 35. h3 Nf6 36. Re6 Ne4 37. a5 g5 38. a6 bxa6 39. Rc8+ Kg7 40. Qd4+
Nf6 41. fxg5 Qxe6 42. gxf6+ Kf7 43. bxa6 Qxa6 44. Rh8 Kg6 45. f7 Kxf7 46. Rxh7+
Kg6 47. Rxd7 Qe6 48. Rg7+ Kh6 49. Rg3 Kh5 50. Qh8+ Qh6 51. Qxh6+ Kxh6 52. Rd3
Kg5 53. Rxd5 Kf4 54. Kf2 Kg5 55. Kf3 Kh4 56. Kf4 Kh5 57. Rxf5+ Kh4 58. Rf6 Kh5
59. Re6 Kh4 60. Rh6# {BreuilVirgile est échec et mat} 1-0

[Event "Tournament 14459 - Europe Echecs"]
[Site "Europe Echecs"]
[Date "2020.07.07"]
[Round "7"]
[Time "17:22:51"]
[PlyCount "64"]
[White "AlfanoEmilie"]
[Black "SingaramSheyon"]
[WhiteElo "1407"]
[BlackElo "1209"]
[Mode "WEB"]
[Result "1-0"]

1. e4 e5 2. Nf3 Nc6 3. Bc4 Bc5 4. c3 Nf6 5. d3 d6 6. a4 a5 7. O-O Bg4 8. Nbd2
O-O 9. h3 Bh5 10. Re1 Qd7 11. Nf1 Bg6 12. Ng3 Nh5 13. Nxh5 Bxh5 14. Be3 Ba7 15.
Bxa7 Rxa7 16. Re3 Kh8 17. d4 f5 18. exf5 exd4 19. cxd4 d5 20. Bb5 Qxf5 21. Qd2
Qf7 22. Bxc6 bxc6 23. Ne5 Qf6 24. Nd7 Qf7 25. Nxf8 Qxf8 26. Rae1 Rb7 27. b3 Rb4
28. Qc3 Qa8 29. Qc5 h6 30. Qc2 Rxd4 31. Qf5 Rb4 32. Qxh5 {SingaramSheyon a abandonné} 1-0